000 00501nam a2200205Ia 4500
005 20250425161720.0
008 250425s9999 xx 000 0 und d
041 _aspa
082 _a620.3
100 _aORCES, EDUARDO
245 0 _aVIBRACIONES MECANICAS
250 _a1A ED.
260 _aEcuador
_bESPOL
_c1982
260 _aGUAYAQUIL
300 _a86
500 _aEN CIBGZ-FIMCP D-30675 PARA ING. MECANICA. FOLLETO
650 _aVIBRACIONES MECANICAS
942 _c01
010 _a26495
999 _c214635
_d214635